[Event "BLR-ch U18"]
[Site "Orsha"]
[Date "2022.02.15"]
[Round "6"]
[White "Hryharovich, Aliaksei"]
[Black "Galkin, Gleb"]
[Result "1-0"]
[WhiteElo "1957"]
[BlackElo "2303"]
[PlyCount "65"]
[EventDate "2022.02.10"]
[EventType "swiss"]
[EventRounds "9"]
[EventCountry "BLR"]
[SourceTitle "CBM 207 Extra"]
[Source "ChessBase"]
[SourceDate "2022.05.31"]
[SourceVersion "1"]
[SourceVersionDate "2022.05.31"]
[SourceQuality "1"]

1. c4 Nf6 2. g3 d5 3. cxd5 Nxd5 4. Bg2 Nb6 5. Nc3 g6 6. d3 Bg7 7. Be3 0-0 8. Qd2 c6 9. Bh6 Qd4 10. h4 Bxh6 11. Qxh6 Qg7 12. Qe3 Nd5 13. Bxd5 cxd5 14. Nf3 Nc6 15. Nxd5 Qxb2 16. 0-0 e6 17. Rab1 Qg7 18. Nc7 Rb8 19. Rfc1 Bd7 20. Nb5 b6 21. Nxa7 Nxa7 22. Rc7 Nb5 23. Rxd7 Nc3 24. Rc1 Nxa2 25. Rcc7 Nb4 26. Qe5 Nd5 27. Ra7 b5 28. Qxg7+ Kxg7 29. Ng5 Rb6 30. e4 Nc3 31. Nxf7 Kf6 32. f4 g5 33. hxg5+ 1-0

[Event "BLR-ch U20"]
[Site "Minsk"]
[Date "2021.04.21"]
[Round "6"]
[White "Galkin, Gleb"]
[Black "Runets, Ivan"]
[Result "1-0"]
[WhiteElo "2225"]
[BlackElo "2257"]
[PlyCount "63"]
[EventDate "2021.04.16"]
[EventType "tourn"]
[EventRounds "7"]
[EventCountry "BLR"]
[EventCategory "2"]
[SourceTitle "CBM 202 Extra"]
[Source "ChessBase"]
[SourceDate "2021.07.31"]
[SourceVersion "1"]
[SourceVersionDate "2021.07.31"]
[SourceQuality "1"]

1. d4 Nf6 2. c4 e6 3. Nf3 d5 4. Nc3 Be7 5. g3 0-0 6. Bg2 dxc4 7. Ne5 Nc6 8. Bxc6 bxc6 9. Nxc6 Qe8 10. Nxe7+ Qxe7 11. Qa4 e5 12. dxe5 Qxe5 13. Qxc4 Bh3 14. Bf4 Qh5 15. 0-0-0 Be6 16. Qc6 Rab8 17. Be3 Qa5 18. Rd4 Rb6 19. Qa4 Qa6 20. Rhd1 Qc8 21. Qxa7 Rb8 22. Bf4 Rb7 23. Qa6 Rb8 24. Qxc8 Rbxc8 25. f3 c6 26. e4 Ra8 27. b3 Rfc8 28. Na4 c5 29. R4d2 c4 30. Nb6 cxb3+ 31. Nxc8 g5 32. Ne7+ 1-0

[Event "BLR-ch U18"]
[Site "Minsk"]
[Date "2021.02.04"]
[Round "1"]
[White "Galkin, Gleb"]
[Black "Lapus, Vitaliy"]
[Result "1/2-1/2"]
[WhiteElo "2220"]
[BlackElo "1639"]
[PlyCount "260"]
[EventDate "2021.02.04"]
[EventType "swiss"]
[EventRounds "9"]
[EventCountry "BLR"]
[SourceTitle "EXT 2022"]
[Source "ChessBase"]
[SourceDate "2021.10.06"]
[SourceVersion "1"]
[SourceVersionDate "2021.10.06"]
[SourceQuality "1"]

1. d4 Nf6 2. c4 e6 3. Nf3 b6 4. g3 Bb7 5. Bg2 g6 6. Nc3 Bg7 7. d5 d6 8. 0-0 e5 9. e4 0-0 10. Be3 Nbd7 11. b4 Bc8 12. Rc1 Re8 13. Qa4 Ng4 14. Bg5 f6 15. Bd2 Bh6 16. Bxh6 Nxh6 17. Ne1 f5 18. Nd3 Nf6 19. c5 fxe4 20. Nxe4 Nxe4 21. Bxe4 Bh3 22. Rfe1 Nf5 23. cxd6 Nxd6 24. Bg2 Bxg2 25. Kxg2 Qf6 26. Rxc7 Rf8 27. Qd1 Rae8 28. Rxa7 Nb5 29. Rb7 Nc3 30. Qg4 Nxd5 31. Kg1 e4 32. Qd7 Qf7 33. Qxf7+ Rxf7 34. Rxf7 Kxf7 35. Nf4 Nxb4 36. a4 Ra8 37. Rxe4 Rxa4 38. Kg2 b5 39. Re5 Ra5 40. h4 Nc6 41. Rc5 Ne7 42. Rc7 Kf6 43. Rb7 b4 44. Rb6+ Kf5 45. Rxb4 h5 46. Rb7 Kf6 47. Rb6+ Kf7 48. Ne6 Ra7 49. Ng5+ Kg7 50. Kf3 Nd5 51. Rb3 Nf6 52. Ne6+ Kf7 53. Nd8+ Kg7 54. Nc6 Rc7 55. Nd4 Ra7 56. Ne6+ Kf7 57. Ng5+ Kg7 58. Rb2 Re7 59. Ra2 Ng4 60. Kf4 Nf6 61. Ra5 Ng4 62. f3 Nf6 63. Rb5 Ra7 64. Ke5 Nd7+ 65. Kd6 Nf8 66. Rb6 Rd7+ 67. Kc6 Rd3 68. Rb7+ Kg8 69. Re7 Rc3+ 70. Kd5 Ra3 71. Rb7 Ra5+ 72. Kd6 Rf5 73. f4 Ra5 74. Ne4 Ra6+ 75. Ke5 Re6+ 76. Kd5 Ra6 77. Re7 Ra5+ 78. Kc6 Rf5 79. Kc7 Nh7 80. Re8+ Kg7 81. Kd6 Nf6 82. Re7+ Kf8 83. Re5 Nxe4+ 84. Rxe4 Ra5 85. Re6 Kf7 86. Re7+ Kf6 87. Re6+ Kf7 88. Re5 Ra6+ 89. Kc5 Ra3 90. Rg5 Kf6 91. Kb4 Rf3 92. Kc4 Ra3 93. Kd4 Rb3 94. Ke4 Rb4+ 95. Kf3 Rb3+ 96. Kg2 Rb2+ 97. Kh3 Rf2 98. Ra5 Kg7 99. Ra1 Kf6 100. Re1 Kf5 101. Re5+ Kf6 102. Rg5 Kf7 103. Rb5 Kg7 104. Rb1 Kf6 105. Rg1 Ra2 106. Rg2 Ra3 107. Re2 Rb3 108. Kg2 Ra3 109. Kf2 Rb3 110. Re3 Rb2+ 111. Kf3 Ra2 112. Rd3 Ra1 113. Rd6+ Kf5 114. Rd5+ Kf6 115. Rd3 Kf5 116. Rd5+ Kf6 117. Re5 Ra3+ 118. Re3 Ra1 119. Ke4 Ra4+ 120. Kd5 Ra5+ 121. Kc6 Ra6+ 122. Kb5 Ra1 123. Rd3 Rb1+ 124. Kc6 Ra1 125. Kd7 Ra7+ 126. Ke8 Ra8+ 127. Rd8 Ra3 128. Rd6+ Kf5 129. Rd5+ Ke6 130. Re5+ Kf6 1/2-1/2

[Event "Minsk ODM Team Cup U16"]
[Site "Minsk"]
[Date "2021.??.??"]
[Round "1.3"]
[White "Galkin, Gleb"]
[Black "Tarasenka, Aliaksandra"]
[Result "0-1"]
[WhiteElo "2225"]
[BlackElo "1990"]
[PlyCount "96"]
[EventDate "2021.03.01"]
[EventType "team-tourn"]
[EventRounds "7"]
[EventCountry "BLR"]
[SourceTitle "EXT 2022"]
[Source "ChessBase"]
[SourceDate "2021.10.06"]
[SourceVersion "1"]
[SourceVersionDate "2021.10.06"]
[SourceQuality "1"]
[WhiteTeam "Minsk"]
[BlackTeam "Brest Region"]
[WhiteTeamCountry "BLR"]
[BlackTeamCountry "BLR"]

1. d4 Nf6 2. c4 g6 3. Nc3 d5 4. Bg5 Bg7 5. Bxf6 Bxf6 6. cxd5 0-0 7. Nf3 c6 8. dxc6 Nxc6 9. e3 Qb6 10. Qb3 Qxb3 11. axb3 Nb4 12. Kd2 Rd8 13. Bc4 e5 14. Ne4 Bg7 15. Nfg5 exd4 16. Nxf7 dxe3+ 17. Ke2 Rf8 18. Ned6 b5 19. Nxb5 Bxb2 20. Rab1 Bf6 21. Nfd6+ Kh8 22. Nxc8 Raxc8 23. fxe3 a6 24. Nd6 Rc6 25. Rbd1 Na2 26. Ne4 Nc3+ 27. Nxc3 Bxc3 28. Rd7 Rcf6 29. Bd5 Rf2+ 30. Kd3 Bb4 31. Rd1 a5 32. Kd4 Re8 33. Bf3 Rb2 34. Rd3 Rc2 35. Rd5 Kg7 36. e4 Be1 37. e5 Re7 38. Ke4 Kf7 39. Kf4 h6 40. Rd8 Bc3 41. R3d5 Rb2 42. e6+ Kg7 43. R5d7 Bb4 44. Re8 Kf6 45. Rf8+ Kg7 46. Rf7+ Rxf7+ 47. Rxf7+ Kg8 48. Rc7 Bd6+ 0-1

[Event "EU-ch Online U16"]
[Site "Tornelo INT"]
[Date "2020.09.20"]
[Round "8"]
[White "Cilek, Bora"]
[Black "Galkin, Gleb"]
[Result "1/2-1/2"]
[WhiteElo "2125"]
[BlackElo "1819"]
[PlyCount "168"]
[EventDate "2020.09.18"]
[EventType "swiss (rapid)"]
[EventRounds "9"]
[EventCountry "NET"]
[SourceTitle "EXT 2023"]
[Source "ChessBase"]
[SourceDate "2022.10.05"]
[SourceVersion "1"]
[SourceVersionDate "2022.10.05"]
[SourceQuality "1"]
[WhiteTeam "Turkey"]
[BlackTeam "Belarus"]
[WhiteTeamCountry "TUR"]
[BlackTeamCountry "BLR"]

1. Nf3 Nf6 2. c4 g6 3. g3 Bg7 4. Bg2 d5 5. 0-0 0-0 6. d4 dxc4 7. Na3 c3 8. bxc3 c5 9. Nc4 Nc6 10. Nfe5 Nxe5 11. Nxe5 Nd5 12. Bd2 Nb6 13. Bf4 Nd5 14. Bd2 Nb6 15. Bf4 c4 16. e4 f6 17. Nf3 Bd7 18. Re1 Re8 19. Be3 Na4 20. Qc2 Qa5 21. Rac1 e5 22. Red1 Bc6 23. d5 Bd7 24. Nd2 Rac8 25. h4 Bf8 26. Nb1 Nc5 27. Bxc5 Bxc5 28. Qe2 b5 29. Kh2 Qb6 30. Rc2 a5 31. Bh3 Bxh3 32. Kxh3 Bd6 33. Nd2 Rc7 34. Rb1 Qa6 35. Kg2 Rec8 36. Qg4 Bf8 37. h5 Rg7 38. hxg6 hxg6 39. Qe6+ Qxe6 40. dxe6 Rc5 41. a4 bxa4 42. Ra2 Re7 43. Rxa4 Rxe6 44. Nxc4 Rec6 45. Ne3 Rxc3 46. Rxa5 R3c5 47. Ra7 Rc7 48. Ra6 R5c6 49. Rbb6 Rxb6 50. Rxb6 Bg7 51. Nd5 Rf7 52. g4 Kh7 53. f3 f5 54. exf5 gxf5 55. Ne3 fxg4 56. fxg4 Rf6 57. Rb7 Kg6 58. Nf5 Bf8 59. Ng3 Rf4 60. Kh3 Rf7 61. Rb5 Bg7 62. Ne4 Rf4 63. Rb6+ Bf6 64. Rb4 Rf3+ 65. Kg2 Rf4 66. Kg3 Kg7 67. Rb7+ Kg6 68. Nd6 Rd4 69. Rb6 Rd3+ 70. Kg2 Rd2+ 71. Kf3 Rd3+ 72. Kf2 Rd2+ 73. Ke3 Bg5+ 74. Ke4 Re2+ 75. Kf3 Re3+ 76. Kf2 Kh7 77. Nf5 Re4 78. Kf3 Ra4 79. Re6 e4+ 80. Rxe4 Rxe4 81. Kxe4 Kg6 82. Nd4 Bc1 83. Nf3 Bh6 84. Kd3 Bf4 1/2-1/2

[Event "EU-ch Online U16"]
[Site "Tornelo INT"]
[Date "2020.09.19"]
[Round "4"]
[White "Gharibyan, Mamikon"]
[Black "Galkin, Gleb"]
[Result "1-0"]
[WhiteElo "2391"]
[BlackElo "1819"]
[PlyCount "69"]
[EventDate "2020.09.18"]
[EventType "swiss (rapid)"]
[EventRounds "9"]
[EventCountry "NET"]
[SourceTitle "EXT 2023"]
[Source "ChessBase"]
[SourceDate "2022.10.05"]
[SourceVersion "1"]
[SourceVersionDate "2022.10.05"]
[SourceQuality "1"]
[WhiteTeam "Armenia"]
[BlackTeam "Belarus"]
[WhiteTeamCountry "ARM"]
[BlackTeamCountry "BLR"]

1. d4 Nf6 2. Nf3 g6 3. b3 Bg7 4. Bb2 d5 5. e3 Bf5 6. c4 c6 7. Nc3 0-0 8. Be2 Nbd7 9. 0-0 Rc8 10. Rc1 Qa5 11. a3 dxc4 12. bxc4 Rfd8 13. Qb3 c5 14. d5 Nb6 15. h3 Bd7 16. e4 Nh5 17. Rfe1 Nf4 18. Bf1 Na4 19. Nxa4 Bxa4 20. Qa2 Bh6 21. Bc3 Qc7 22. Bd2 Bf8 23. e5 Nh5 24. Qb1 Bd7 25. Bd3 Ng7 26. Ng5 Bf5 27. Bc3 Rb8 28. e6 fxe6 29. Be5 Qa5 30. Bxb8 Rxb8 31. Rcd1 exd5 32. Bxf5 gxf5 33. Rxd5 Qxa3 34. Rxf5 h6 35. Rf3 1-0

[Event "BLR-ch U20"]
[Site "Minsk"]
[Date "2020.03.14"]
[Round "4"]
[White "Galkin, Gleb"]
[Black "Tsaruk, Maksim"]
[Result "1-0"]
[WhiteElo "2122"]
[BlackElo "2309"]
[PlyCount "124"]
[EventDate "2020.03.11"]
[EventType "tourn"]
[EventRounds "9"]
[EventCountry "BLR"]
[EventCategory "2"]
[SourceTitle "CBM 195 Extra"]
[Source "ChessBase"]
[SourceDate "2020.05.31"]
[SourceVersion "1"]
[SourceVersionDate "2020.05.31"]
[SourceQuality "1"]

1. d4 Nf6 2. c4 g6 3. Nc3 d5 4. Qb3 dxc4 5. Qxc4 Bg7 6. e4 0-0 7. Be2 Nc6 8. Nf3 Bg4 9. d5 Na5 10. Qb4 c6 11. e5 c5 12. Qf4 Bxf3 13. exf6 Bxg2 14. fxg7 Re8 15. Rg1 Bxd5 16. Be3 Be6 17. Bb5 Nc6 18. Bxc5 Rc8 19. Rd1 Qa5 20. Qa4 Qc7 21. Bxc6 bxc6 22. Rg3 Qe5+ 23. Be3 Rb8 24. Rd2 Qh5 25. h4 c5 26. Rg5 Qf3 27. Qe4 Qxe4 28. Nxe4 Bxa2 29. Rxc5 Rb4 30. Re5 Kxg7 31. Bd4 Kf8 32. Bc5 Rb7 33. Nd6 f6 34. Nxb7 fxe5 35. Bxa7 Ra8 36. Bc5 Be6 37. Ba3 Kf7 38. Nc5 Bf5 39. Re2 Rd8 40. Rxe5 Rd4 41. Nb3 Rxh4 42. Rxe7+ Kf6 43. Re3 Rh1+ 44. Kd2 Rh2 45. Rf3 Ke5 46. Nc5 Kd4 47. b4 Kc4 48. Nb7 Rh3 49. Na5+ Kb5 50. Rxh3 Bxh3 51. Kc3 Bg2 52. Bc1 h5 53. Bg5 Bf1 54. Be7 Kb6 55. Nc4+ Kc6 56. Ne5+ Kd5 57. Nxg6 Ke4 58. Bd6 Bb5 59. Nh4 Bf1 60. Kd2 Bb5 61. f3+ Kd4 62. Bc5+ Kd5 1-0

[Event "BLR-ch U20"]
[Site "Kobrin"]
[Date "2019.05.19"]
[Round "9"]
[White "Siniauski, Artsiom"]
[Black "Galkin, Gleb"]
[Result "0-1"]
[WhiteElo "2219"]
[BlackElo "2163"]
[PlyCount "112"]
[EventDate "2019.05.11"]
[EventType "tourn"]
[EventRounds "9"]
[EventCountry "BLR"]
[SourceTitle "CBM 190 Extra"]
[Source "ChessBase"]
[SourceDate "2019.07.15"]
[SourceVersion "1"]
[SourceVersionDate "2019.07.15"]
[SourceQuality "1"]

1. e4 e5 2. Nf3 Nc6 3. Bb5 a6 4. Ba4 Nf6 5. 0-0 Be7 6. Re1 b5 7. Bb3 0-0 8. h3 d6 9. c3 Nb8 10. d4 Nbd7 11. Nbd2 Bb7 12. Bc2 Re8 13. a4 Bf8 14. Bd3 c6 15. Qc2 Rc8 16. b3 g6 17. Bb2 Bg7 18. Rac1 Qc7 19. axb5 cxb5 20. d5 Nc5 21. b4 Nxd3 22. Qxd3 Nd7 23. c4 Qb6 24. cxb5 Qxb5 25. Qxb5 axb5 26. Nb3 Nb6 27. Na5 Ba8 28. Nd2 f5 29. f3 Bh6 30. Rxc8 Rxc8 31. Ndb3 Na4 32. Re2 Nxb2 33. Rxb2 fxe4 34. fxe4 Be3+ 35. Kf1 Bb6 36. Ke2 Kf7 37. Kd3 Ke7 38. Nd2 Kd7 39. Nb1 Bxa5 40. bxa5 Bb7 41. Na3 Ra8 42. Nxb5 Rxa5 43. Nxd6 Ba6+ 44. Nc4 Ra3+ 45. Kd2 Bxc4 46. Rb7+ Kd6 47. Rxh7 Kc5 48. Rc7+ Kd4 49. d6 Ra6 50. d7 Rd6 51. Rc6 Rxd7 52. Rxg6 Kxe4+ 53. Ke1 Kd3 54. h4 e4 55. h5 e3 56. h6 Kc2 0-1

[Event "BLR-ch U20"]
[Site "Kobrin"]
[Date "2019.05.18"]
[Round "8"]
[White "Galkin, Gleb"]
[Black "Tsaruk, Maksim"]
[Result "1/2-1/2"]
[WhiteElo "2163"]
[BlackElo "2229"]
[PlyCount "29"]
[EventDate "2019.05.11"]
[EventType "tourn"]
[EventRounds "9"]
[EventCountry "BLR"]
[SourceTitle "CBM 190 Extra"]
[Source "ChessBase"]
[SourceDate "2019.07.15"]
[SourceVersion "1"]
[SourceVersionDate "2019.07.15"]
[SourceQuality "1"]

1. d4 Nf6 2. c4 e6 3. Nf3 b6 4. g3 Bb4+ 5. Bd2 Be7 6. Bg2 c6 7. 0-0 d5 8. Qc2 0-0 9. Bf4 Bb7 10. Rd1 Nbd7 11. Ne5 Nh5 12. Bd2 Nhf6 13. Bf4 Nh5 14. Bd2 Nhf6 15. Bf4 1/2-1/2

[Event "BLR-ch U20"]
[Site "Kobrin"]
[Date "2019.05.14"]
[Round "4"]
[White "Navumenka, Mikhei"]
[Black "Galkin, Gleb"]
[Result "1-0"]
[WhiteElo "2165"]
[BlackElo "2163"]
[PlyCount "59"]
[EventDate "2019.05.11"]
[EventType "tourn"]
[EventRounds "9"]
[EventCountry "BLR"]
[SourceTitle "CBM 190 Extra"]
[Source "ChessBase"]
[SourceDate "2019.07.15"]
[SourceVersion "1"]
[SourceVersionDate "2019.07.15"]
[SourceQuality "1"]

1. c4 e6 2. e4 d5 3. exd5 exd5 4. d4 Nf6 5. Nf3 Be7 6. Nc3 0-0 7. Be2 c6 8. 0-0 dxc4 9. Bxc4 Nbd7 10. Ne5 Nb6 11. Bd3 Nbd5 12. Bg5 Be6 13. Qd2 Nxc3 14. bxc3 c5 15. Rab1 cxd4 16. c4 Qc7 17. f4 Rab8 18. Qe2 Rfe8 19. Qf3 Nd7 20. Nxd7 Qxd7 21. Rb5 Bxg5 22. Rxg5 f6 23. Rb5 Bg4 24. Qf2 Re3 25. Rd5 Qe7 26. Rxd4 Be2 27. Re1 Re8 28. Bc2 Qc5 29. Re4 Qa3 30. Qxe3 1-0

[Event "BLR-ch U20"]
[Site "Kobrin"]
[Date "2019.05.13"]
[Round "3"]
[White "Galkin, Gleb"]
[Black "Silich, Yahor"]
[Result "1-0"]
[WhiteElo "2163"]
[BlackElo "2170"]
[PlyCount "75"]
[EventDate "2019.05.11"]
[EventType "tourn"]
[EventRounds "9"]
[EventCountry "BLR"]
[SourceTitle "CBM 190 Extra"]
[Source "ChessBase"]
[SourceDate "2019.07.15"]
[SourceVersion "1"]
[SourceVersionDate "2019.07.15"]
[SourceQuality "1"]

1. d4 Nf6 2. c4 d6 3. Nf3 g6 4. Nc3 Bg7 5. e4 0-0 6. h3 e5 7. d5 a5 8. Bg5 Na6 9. Be2 Nc5 10. Nd2 c6 11. Be3 Bd7 12. 0-0 Kh8 13. a3 cxd5 14. cxd5 a4 15. Bxc5 dxc5 16. b4 cxb4 17. axb4 Qb6 18. b5 Qd4 19. Nxa4 Qb4 20. Bd3 Ra7 21. Re1 Rfa8 22. Bc2 Qd4 23. Nf3 Qxd1 24. Raxd1 Rxa4 25. Bxa4 Rxa4 26. Nxe5 Bf8 27. Nxd7 Nxd7 28. e5 Nc5 29. e6 Ne4 30. d6 Bxd6 31. exf7 Bc5 32. Re3 Kg7 33. Rf3 Nf6 34. Rc1 Bd6 35. f8Q+ Bxf8 36. Rc7+ Kh6 37. Rxf6 Bg7 38. Re6 1-0

[Event "BLR-ch U20"]
[Site "Kobrin"]
[Date "2019.05.12"]
[Round "2"]
[White "Runets, Ivan"]
[Black "Galkin, Gleb"]
[Result "1/2-1/2"]
[WhiteElo "2123"]
[BlackElo "2163"]
[PlyCount "107"]
[EventDate "2019.05.11"]
[EventType "tourn"]
[EventRounds "9"]
[EventCountry "BLR"]
[SourceTitle "CBM 190 Extra"]
[Source "ChessBase"]
[SourceDate "2019.07.15"]
[SourceVersion "1"]
[SourceVersionDate "2019.07.15"]
[SourceQuality "1"]

1. d4 Nf6 2. Nf3 e6 3. c4 d5 4. Nc3 Be7 5. Bg5 0-0 6. e3 Nbd7 7. cxd5 exd5 8. Bd3 c6 9. Qc2 h6 10. Bh4 Nh5 11. Bxe7 Qxe7 12. 0-0 Nhf6 13. Rab1 a5 14. Nd2 Qd6 15. Ne2 Re8 16. Ng3 Ng4 17. Rfe1 Nf8 18. Ndf1 g6 19. h3 Nf6 20. Nd2 N6d7 21. Nf3 f5 22. h4 Nf6 23. h5 Ne4 24. hxg6 Nxg3 25. fxg3 Qxg3 26. Bxf5 Bxf5 27. Qxf5 Qxg6 28. Qxg6+ Nxg6 29. a4 Ne7 30. b4 Nf5 31. bxa5 Nd6 32. Ne5 Rxa5 33. Rf1 Rf8 34. Rxf8+ Kxf8 35. Nd7+ Ke7 36. Nc5 b5 37. axb5 Rxb5 38. Ra1 Ne4 39. Nxe4 dxe4 40. Rc1 Kd6 41. Kf2 Rf5+ 42. Kg3 Rg5+ 43. Kf4 Rxg2 44. Rh1 Rg6 45. Kxe4 Re6+ 46. Kd3 c5 47. Rh5 cxd4 48. Kxd4 Ke7 49. e4 Rd6+ 50. Kc5 Re6 51. e5 Ra6 52. Kd5 Ra1 53. Rxh6 Rd1+ 54. Ke4 1/2-1/2

[Event "Orsha op"]
[Site "Orsha"]
[Date "2019.01.24"]
[Round "9"]
[White "Galkin, Gleb"]
[Black "Vorobjov, Pavel"]
[Result "0-1"]
[WhiteElo "2156"]
[BlackElo "2296"]
[PlyCount "88"]
[EventDate "2019.01.18"]
[EventType "swiss"]
[EventRounds "9"]
[EventCountry "BLR"]
[SourceTitle "CBM 188 Extra"]
[Source "ChessBase"]
[SourceDate "2019.02.26"]
[SourceVersion "1"]
[SourceVersionDate "2019.02.26"]
[SourceQuality "1"]

1. d4 d5 2. Nf3 Nf6 3. c4 c6 4. Nc3 e6 5. e3 Nbd7 6. Qc2 Bd6 7. b3 0-0 8. Be2 b6 9. 0-0 Bb7 10. Bb2 Rc8 11. Rad1 c5 12. cxd5 exd5 13. Rfe1 Qe7 14. Bf1 Rfd8 15. g3 Ne4 16. Qb1 Ndf6 17. Bh3 Nxc3 18. Bxc3 Ne4 19. Bb2 Qf6 20. Bg2 c4 21. Re2 c3 22. Bc1 c2 23. Rxc2 Nc3 24. Rxc3 Rxc3 25. Bb2 Rc7 26. Ne5 Qe6 27. Bf3 f6 28. Bg4 Qe8 29. Nd3 Qe4 30. Bh3 Qe8 31. Bg4 Bc8 32. Bf3 Be6 33. Ne1 Qg6 34. Qxg6 hxg6 35. Be2 g5 36. Bd3 Kf7 37. f3 g4 38. f4 g6 39. Rd2 Bb4 40. Re2 Bxe1 41. Rxe1 Bf5 42. Bxf5 gxf5 43. Re2 Rdc8 44. Ba3 Rc2 0-1

[Event "Wch U14"]
[Site "Porto Carras"]
[Date "2018.10.30"]
[Round "11.11"]
[White "Kushagra, Mohan"]
[Black "Galkin, Gleb"]
[Result "0-1"]
[WhiteElo "2283"]
[BlackElo "2134"]
[PlyCount "86"]
[EventDate "2018.10.20"]
[EventType "swiss"]
[EventRounds "11"]
[EventCountry "GRE"]
[SourceTitle "CBM 187 Extra"]
[Source "ChessBase"]
[SourceDate "2018.11.04"]
[SourceVersion "1"]
[SourceVersionDate "2018.11.04"]
[SourceQuality "1"]

1. e4 e5 2. Nf3 Nc6 3. d4 exd4 4. Nxd4 Bc5 5. Nxc6 Qf6 6. Qf3 dxc6 7. Nc3 Be6 8. Qg3 0-0-0 9. Be3 Bxe3 10. Qxe3 Kb8 11. Bd3 g5 12. 0-0-0 Ne7 13. e5 Qg7 14. Rhe1 Nd5 15. Nxd5 cxd5 16. g3 g4 17. Kb1 h5 18. Qf4 Qh6 19. Qd4 Rc8 20. Bf1 c5 21. Qa4 Rhd8 22. Re3 Bf5 23. Bg2 Bd7 24. Qb3 Bc6 25. f4 d4 26. Bxc6 Qxc6 27. Re2 c4 28. Qb4 c3 29. Qb3 Qf3 30. Ree1 Rc6 31. Qxf7 d3 32. Qb3 Rb6 33. Qxc3 d2 34. Qxf3 dxe1Q 35. Rxe1 gxf3 36. Rf1 Rd2 37. Kc1 Rxh2 38. Rxf3 Kc8 39. f5 Kd7 40. e6+ Ke8 41. Rd3 Rc6 42. c3 Rf2 43. Rd5 b6 0-1

[Event "Wch U14"]
[Site "Porto Carras"]
[Date "2018.10.29"]
[Round "10.17"]
[White "Galkin, Gleb"]
[Black "Ozenir, Ekin Baris"]
[Result "1-0"]
[WhiteElo "2134"]
[BlackElo "2293"]
[PlyCount "109"]
[EventDate "2018.10.20"]
[EventType "swiss"]
[EventRounds "11"]
[EventCountry "GRE"]
[SourceTitle "CBM 187 Extra"]
[Source "ChessBase"]
[SourceDate "2018.11.04"]
[SourceVersion "1"]
[SourceVersionDate "2018.11.04"]
[SourceQuality "1"]

1. d4 Nf6 2. Nf3 e6 3. c4 b6 4. g3 Bb7 5. Bg2 g6 6. 0-0 Bg7 7. Nc3 Ne4 8. Nxe4 Bxe4 9. Bg5 Qc8 10. Qd2 h6 11. Be3 Qb7 12. Rac1 d6 13. Rfd1 Nd7 14. b4 Nf6 15. Ne1 Bxg2 16. Nxg2 Ng4 17. c5 Nxe3 18. Nxe3 d5 19. Ng4 h5 20. Ne5 0-0 21. cxb6 axb6 22. Nc6 Ra3 23. Rc2 Kh7 24. b5 Qa8 25. Rb1 Bh6 26. e3 Bg7 27. Rbb2 Rc8 28. Qe2 Bf6 29. h3 Kg7 30. Qf3 Qa4 31. Qg2 h4 32. g4 g5 33. Qf1 Re8 34. Qe1 Be7 35. Nxe7 Rxe7 36. Qc1 Rd3 37. Kg2 Qa3 38. Rb1 Qa8 39. Rbb2 Qd8 40. Rc6 Ra3 41. Rbc2 Ra7 42. e4 Rd7 43. e5 Ra4 44. Qe3 Qe7 45. f4 Qa3 46. R6c3 Qb4 47. f5 Qxd4 48. Qxg5+ Kf8 49. fxe6 Qe4+ 50. Kh2 Re7 51. Rf2 Qh7 52. Rxc7 Rxe6 53. Qd8+ Re8 54. Qf6 Kg8 55. Rxf7 1-0